Welcome to WEB OPAC of MRSPTU Central Library

Forestry : Principles and Applications (Record no. 10407)

MARC details
000 -LEADER
fixed length control field 00445nam a22001817a 4500
003 - CONTROL NUMBER IDENTIFIER
control field OSt
005 - DATE AND TIME OF LATEST TRANSACTION
control field 20241029144533.0
008 - FIXED-LENGTH DATA ELEMENTS--GENERAL INFORMATION
fixed length control field 241029b |||||||| |||| 00| 0 eng d
040 ## - CATALOGING SOURCE
Transcribing agency MRSPTU
082 ## - DEWEY DECIMAL CLASSIFICATION NUMBER
Classification number 634.9
Item number AR-F
100 ## - MAIN ENTRY--PERSONAL NAME
Personal name Rai, Antony Joseph
245 ## - TITLE STATEMENT
Title Forestry : Principles and Applications
260 ## - PUBLICATION, DISTRIBUTION, ETC.
Place of publication, distribution, etc. Jodhpur
Name of publisher, distributor, etc. Scientific Pub.
Date of publication, distribution, etc. 2020
300 ## - PHYSICAL DESCRIPTION
Extent 727
650 ## - SUBJECT ADDED ENTRY--TOPICAL TERM
Topical term or geographic name entry element Agriculture
700 ## - ADDED ENTRY--PERSONAL NAME
Personal name Lal,S.B
942 ## - ADDED ENTRY ELEMENTS (KOHA)
Source of classification or shelving scheme Dewey Decimal Classification
Koha item type Book
Suppress in OPAC No
Holdings
Withdrawn status Lost status Source of classification or shelving scheme Damaged status Not for loan Home library Current library Date acquired Total checkouts Full call number Barcode Date last seen Price effective from Koha item type
    Dewey Decimal Classification     MRSPTU Central Library MRSPTU Central Library 10/29/2024   634.9 RA-F 41686 10/29/2024 10/29/2024 Book
    Dewey Decimal Classification     MRSPTU Central Library MRSPTU Central Library 10/29/2024   634.9 RA-F 41687 10/29/2024 10/29/2024 Book

Website Designed and Developed by MRSPTU Central Library Team

E-mail Id: librarian@mrsptu.ac.in